000 01490cam a22004097a 4500
003 CHAP
005 20220329142659.0
008 010920d2001 mx r 00110 spa d
010 _a86444
011 _a87416
035 _a97959
040 _cCHAP
090 _aTesis
100 0 0 _aCumplido Ortíz, Renato.
_930433
245 1 0 _aTablas de volúmenes y de incrementos para tres especies del género Pinus de tres predios del Estado de Chihuahua, México
_c/por Renato Cumplido Ortíz
260 _aChapingo, Méx. :
_bEl autor,
_c2002.
300 _a114 h. ;
_bgráfs.
502 _aTesis (Ing. Forestal) -- UACH. División de Ciencias Forestales
590 _aALEPH
_b10
_c20130110
_lUCH01
_h1450
590 _aBATCH-UPD
_b10
_c20130110
_lUCH01
_h0144
590 _aBATCH-UPD
_b10
_c20130110
_lUCH01
_h0754
590 _aBATCH-UPD
_b10
_c20130409
_lUCH01
_h2144
590 _aBATCH-UPD
_b10
_c20130410
_lUCH01
_h0704
590 _aBATCH-UPD
_b10
_c20130914
_lUCH01
_h1127
590 _aCONVERSION
_b10
_c20130109
_lUCH01
_h1348
650 1 4 _aPinus arizonica.
_988319
650 1 4 _aPinus ayacahuite.
_988320
650 1 4 _aPinus durangensis.
_988332
650 1 4 _aPinus.
_988318
650 1 4 _aSilvicultura
_zChihuahua.
_9106132
650 1 4 _aTablas de volúmenes y rendimientos.
_9111296
901 _aBK
905 _aAlejandra Carrasco M.
942 _cFOLL
949 _aTesis
_bBC
_cTES
_d33724000879573
_eTS2
_fc.2
_h40114
_i97959
_si
949 _aTesis
_bBC
_cTES
_d979591
_eTS1
_h40113
_i97959
_sb
999 _c86444
_d86444